Testo della canzone "Mille giorni di te e di me" - Claudio Baglioni - Statistics

Statistiche generali
  • Questo quiz è stato fatto 47 volte
  • Il punteggio medio è 33 su 43
Statistiche sulle risposte
Testo % Corretto
Chi ci {sarà} dopo di te
92%
Quell'attimo di {eterno} che non c'è
92%
Sapessi {andarci} io
92%
Ti ho fatto {male} per non farlo alla tua vita
92%
Un {vecchio} amico mio
92%
Come la nostra prima {scena}
89%
Perché quel nostro {amore} non avesse fine
89%
Se c'è {stato} per davvero
89%
Solo che andavamo via di {schiena}
89%
Ti {presento}
89%
Contro un {miliardo} di persone
86%
E una {storia} va a puttane
86%
Io e te, che facemmo {invidia} al mondo
86%
Io mi {innamorerò} di te
86%
Noi due imparammo {insieme}
86%
E adesso che torniamo ognuno al proprio {posto}
84%
Il ricordo di me per {sempre}
84%
Io mi {nascosi} in te poi ti ho nascosto
84%
Si prenderà il tuo {armadio}
84%
E non capire {mai} cos'è
81%
{Pensando} che sia il mio
81%
Per tutto {quanto} il tempo
81%
Respirerà il tuo {odore}
81%
{Andando} via così
78%
Avremmo {vinto} mai
78%
Finimmo prima che {lui} ci finisse
78%
{Senza} far niente, niente poi c'era da fare
78%
Da tutto e tutti per non farmi più {trovare}
76%
E quel {disordine}
76%
{Incontro} a chi
76%
Non ti lasciai un motivo né una {colpa}
76%
Ci separammo un po' come ci {unimmo}
73%
Quando mi {accorsi} che ero lì per perderti
68%
In questo {addio}
65%
Che tu hai lasciato nei miei {fogli}
62%
{Insegneremo} quello che
62%
Chi mi {vorrà} dopo di te
59%
Tu eri in piedi contro il {cielo} e io così
57%
Volevo averti e solo {allora} mi riuscì
57%
{Liberi} finalmente e non saper che fare
54%
Dolente mi levai, {imputato} alzatevi
49%
{Lontano} dove non ci si può più pensare
35%
Se non che farlo e lentamente noi {fuggimmo}
35%
Nessun quiz corrispondente trovato
Distribuzione punteggi
Percentuale di utenti per punteggio
Percentile per numero di risposta
I tuoi punteggi nel tempo
Non hai fatto questo quiz